| 000 | 00483nam a2200169Ia 4500 | ||
|---|---|---|---|
| 999 |
_c21967 _d21967 |
||
| 003 | OSt | ||
| 005 | 20200323143202.0 | ||
| 008 | 190216s9999||||xx |||||||||||||| ||und|| | ||
| 040 | _coclc | ||
| 082 |
_a297 _bFYZ/M |
||
| 100 |
_aFyzee, Asaf A A _92188 |
||
| 245 | 2 |
_aA Modern Approach To Islam / _cAsaf A A Fyzee |
|
| 260 |
_bAsia Publishing House, _c1963. _aBombay: |
||
| 300 | _a127p | ||
| 650 | _aIslamic History | ||
| 942 |
_cBK _2ddc _h297 _iFYZ/M _k297 _mFYZ/M |
||